Statistics for ARSENAL FC

Click here to take the quiz!

General Stats

  • This quiz has been taken 1,425 times
    (1,422 since last reset)
  • The average score is 24 of 26

Answer Stats

HintAnswer% Correct
Carl JenkinsonEngland
100%
Theo WalcottEngland
100%
Jack WilshereEngland
100%
Kieran GibbsEngland
100%
Alex Oxlade ChamberlainEngland
100%
Sebastien SquillaciFrance
100%
Abou DiabyFrance
100%
Arsene WengerFrance
100%
Bacary SagnaFrance
100%
Laurent KoscielnyFrance
100%
Oliver GiroudFrance
100%
Mikel ArtetaSpain
100%
Santi CarzolaSpain
100%
Lukas PodolskiGermany
99%
Per MertesackerGermany
99%
Wojciech SzczesnyPoland
98%
Aaron RamseyWales
96%
Andrey ArshavinRussia
94%
Andre SantosBrazil
93%
Thomas VermaelenBelgium
92%
Chu-Young ParkSouth Korea
91%
GervinhoIvory Coast
87%
Tomas RosickyCzech Republic
86%
Vito MannoneItaly
78%
Johan DjourouSwitzerland
70%
Emmanuel FrimpongGhana
65%

Score Distribution

Percentile by Number Answered

Percent of People with Each Score

Your Score History

You have not taken this quiz since the last reset